000 01810cam a22005174i 4500
003 PE-LiUPU
005 20250731165503.0
008 150623s r 000 0 d
020 _a1850759359
035 _a(Sirsi) i9781850759355
040 _aPE-LiUPU
_bspa
_cPE-LiUPU
_erda
049 _aPRUA
082 0 4 _a221.07
_bJ
_221
100 1 _aPagolu, Agustine,
_eautor.
245 1 4 _aThe religion of the Patriarchs /
_cAugustine Pagolu.
264 1 _aSheffield, England :
_bSheffield Academic Press,
_c1998.
300 _a290 páginas ;
_c23 centímetros
336 _atext
_2rdacontent
337 _aunmediated
_2rdamedia
338 _avolume
_2rdacarrier
490 0 _aJournal for the Study of the Old Testament. Supplement Series ;
_v277
504 _aIncluye bibliografía.
505 0 _aIntroduction. -Altars and sacrificies.
526 _aSEG44
526 _aSEG26
526 _aP151
526 _aP150
526 _aP149
526 _aP146
526 _aP145
526 _aP126
526 _aP125
526 _aP92
526 _aP75
526 _aP74
526 _aP27
526 _aP15
630 _aBiblia.
_pA.T.
_PG énesis
_xCrítica, interpretación, etc.
650 0 4 _aPatriarcas bíblicos
_xVida religiosa.
942 _2ddc
_cBOOK
949 _aRC 221.07 J 277
_wDEWEY
_c1
_i46608
_lCCODEBUL1
_mBUL
_r0
_sY
_tBOOK
_u2015-6-24
_xTEOLOGIA
_PP35
_0COMPRA
_o.CIRCNOTE. No olvidar cambiar la fecha de devolución!!!!!!!
_o.STAFF. Colección General
994 _aC0
_bPEPRU
596 _a1
999 _aRC 221.07 J 277
_wDEWEY
_c23397
_i46608
_f2021-11-8
_g6
_lCCODEBUL1
_mBUL
_r1
_sY
_tBOOK
_u2015-6-24
_xTEOLOGIA
_PP35
_0COMPRA
_o.CIRCNOTE. No olvidar cambiar la fecha de devolución!!!!!!!
_o.STAFF. Colección General
_d23397
980 _81
_gALBERTO SANCHEZ Responsable de Automatización